Every 100,000+ City in Iraq in Order - Statistics

General Stats
  • This quiz has been taken 29 times
    12 since last reset
  • The average score is 11 of 73
Answer Stats
Letter Population City % Correct
B 9,116,154 Baghdad
100%
B 2,307,298 Basra
100%
E 1,556,293 Erbil
100%
K 1,137,095 Kirkuk
100%
M 1,913,297 Mosul
100%
K 902,497 Karbala
67%
N 712,068 Nasiriyah
56%
F 387,174 Fallujah
44%
N 1,027,086 Najaf
44%
S 851,668 Sulaymaniyah
44%
A-G 281,198 Abu Ghraib
33%
H 674,027 Hillah
33%
R 505,102 Ramadi
33%
A 779,184 Amarah
22%
K 514,339 Kūt
22%
T 330,062 Tikrit
22%
Z 377,496 Zakho
22%
A-D 619,725 Al Diwaniyah
11%
A-S 131,445 Al-Shirqat
11%
A-Z 311,795 Az Zubayr
11%
B 384,541 Baqubah
11%
D 428,917 Duhok
11%
H 147,775 Halabja
11%
H 126,663 Hosseinia
11%
K 262,430 Kalar
11%
Q 170,542 Qa'im
11%
S 309,384 Shatrah
11%
S 354,829 Soran
11%
T-A 228,011 Tal Afar
11%
A-A-K 248,362 Abu Al-Khaseeb
0%
A 113,095 Afak
0%
A 102,073 Akrê
0%
A-H 112,054 Al-Hay
0%
A-M-A-K 102,667 Al-Mejar Al-Kabir
0%
A-M 130,747 Al-Midaina
0%
A-N 106,159 Al Neser
0%
A-Q 218,930 Al-Qasim
0%
A-Q 127,115 Al Qurnah
0%
A-S 115,296 Al-Suwaira
0%
A-N 116,223 An-Nu'mānīyah
0%
B 206,971 Baiji
0%
B 152,095 Balad
0%
C 290,485 Chamchamal
0%
H 255,028 Hamza
0%
H 123,709 Hamza
0%
H 104,819 Hawija
0%
H 203,097 Hindiya
0%
H 155,909 Hindiya
0%
H 114,285 Hit
0%
I 126,504 Iskandariya
0%
K 102,110 Khalidiya
0%
K 107,870 Khalis
0%
K 110,392 Khanaqin
0%
K 104,660 Koysinjaq
0%
K 314,157 Kufa
0%
M 200,712 Mahmoudiyah
0%
M 173,029 Miqdadiyah
0%
M 115,660 Musayyib
0%
N 102,140 Nahrawan
0%
Q 119,592 Qaladiza
0%
Q 112,801 Qurnah
0%
R 285,083 Ranya
0%
R 158,449 Rifai
0%
R 149,853 Rumaitha
0%
S 356,128 Samarra
0%
S 321,677 Samawah
0%
S 213,155 Shamiyah
0%
S 110,463 Sinjar
0%
S 101,605 Sumel
0%
S-M 182,785 Sumel-Misurikê
0%
S-A-S 264,997 Suq al-Shuyukh
0%
T-K 133,040 Tuz Khurma
0%
U-Q 107,620 Umm Qasr
0%
No matching quizzes found
Score Distribution
Percent of People with Each Score
Percentile by Number Answered
Your Score History
You have not taken this quiz since the last reset